| 000 | 00541nam a2200193 a 4500 | ||
|---|---|---|---|
| 003 | MX-MxUPN | ||
| 005 | 20250527113724.0 | ||
| 008 | 250527s1993 xxc|||||r|||| 000 0 spa d | ||
| 020 | _a255027699X | ||
| 040 |
_aMX-MxUPN _bspa _cMX-MxUPN |
||
| 041 | 0 | _aspa | |
| 050 | 1 | 4 |
_aLB2376.6 C22 _bE88 1993 |
| 245 | 0 | 0 | _aEstudiar en Quebec |
| 260 |
_aCanadá : _bGobierno de Quebec, _c1993. |
||
| 300 | _a29 páginas | ||
| 650 | 4 |
_aEstudiantes extranjeros _zQuebec, Canadá (Provincia) _956696 |
|
| 902 | _aVíctor Ruiz/270525 | ||
| 942 |
_2lcc _cFOLL |
||
| 999 |
_c213320 _d213320 |
||